[Event "Treppenturnier 2023"]
[Site "Turnierstufe"]
[Date "2024.04.13"]
[Round "28-2"]
[White "Academy"]
[Black "Chess Challenger"]
[Result "0-1"]
[WhiteElo "1999"]
[BlackElo "2009"]
[PlyCount "158"]

1.d4 c5 {Buchende.} 2.d5 Nf6 3.c4 {Wieder aus dem Buch:} 3...b5 {Erneut
Buchende.} 4.a4 bxc4 5.Nc3 d6 6.e4 Ba6 7.f4 {Buchende.} 7...g6 8.a5 Nbd7 9.b3 ( 
{Oder einfach den Springer ins Spiel bringen:} 9.Nf3 ) 9...Bg7 10.Ra3 Nh5 
11.Qf3 Qb8 12.Bxc4 Bxc4 13.bxc4 Qb4 14.Ne2 Qxc4 15.Ra4 Qa6 16.O-O O-O 17.Bb2 
$15 {Schwarz hat den Mehrbauern behalten ohne unterentwickelt zu sein.} 
17...Rab8 18.Rb1 $6 {Es wird bereits schwierig für Weiß, sich richtig zu
verteidigen.} ( 18.Ba1 {ist wohl besser.} ) 18...Nhf6 19.Nc1 $6 ( {Nach} 19.Bc1 
Rxb1 20.Nxb1 Rb8 21.Nd2 Rb4 {... hat Academy es allerdings auch schwer.} ) 
19...e6 $17 20.dxe6 fxe6 21.Qh3 Rfe8 22.Qd3 Qc6 23.N1e2 Rb4 24.Rxb4 cxb4 25.Nd4 
Qa8 26.Na2 Nc5 27.Qc2 {(-1.01)} 27...Qxe4 {(-1.3)} 28.Qxe4 Nfxe4 29.Nxb4 Nd2 
30.Rd1 Nc4 31.Bc1 Nxa5 32.Ndc6 Nab3 33.Ba3 a5 34.Nc2 d5 35.Nxa5 Nxa5 36.Bxc5 
Rc8 37.Bb4 Rxc2 38.Bxa5 Bh6 $6 {Sinnlos.} 39.g3 g5 40.f5 Rc5 41.Bd2 exf5 42.h4 
{Nun wird es schwierig für Schwarz, doch noch zu gewinnen.} 42...Kf7 43.hxg5 
Bg7 44.Kf2 Rc4 45.Rb1 d4 $2 {Jetzt hat Weiß ein Remis.} 46.Rb7+ Kg6 47.Rb6+ Kh5 
48.Rb5 {Academy will aber weiterspielen.} ( 48.Rb7 $1 Rc2 ( 48...Kg6 49.Rb6+ 
Kh5 50.Rb7 {...} ) ( 48...Bf8 49.Rxh7+ Kg6 50.Rb7 {...} ) ( 48...Be5 49.Rxh7+ 
Kg6 50.Rh6+ Kg7 51.Bf4 Bxf4 52.gxf4 d3 53.Ke3 Re4+ 54.Kxd3 Rxf4 {...} ) 49.Ke2 
Kg6 50.Rb6+ Kh5 51.Rb7 {...} ) 48...Kg4 49.Rb7 Be5 50.Rxh7 Bxg3+ 51.Ke2 Rc6 
52.Rh6 Rc8 53.Kd3 f4 54.g6 Rg8 55.Kxd4 f3 56.Rh1 Rxg6 57.Bc3 $4 {Autsch! Academy
verliert doch noch.} ( 57.Be3 f2 58.Kc4 Kf3 59.Bxf2 Bxf2 {... und Remis.} ) 
57...f2 58.Ke3 Re6+ 59.Kd3 Kf3 60.Rb1 Be5 {Rest in je 1 Stunde.} 61.Bxe5 Rxe5 
62.Rf1 Re1 63.Rxf2+ Kxf2 64.Kd4 Kf3 65.Kd5 Kf4 66.Kd6 Kf5 67.Kd5 Rd1+ 68.Kc4 
Ke5 69.Kc3 Ke4 70.Kb4 Kd4 71.Kb5 Rc1 72.Kb6 Kd5 73.Kb5 Rb1+ 74.Ka4 Kc5 75.Ka3 
Kc4 76.Ka2 Rb3 {Mattankündigung.} 77.Ka1 Kd3 78.Ka2 Kc2 79.Ka1 Ra3# 0-1

[Event "Treppenturnier 2023"]
[Site "Turnierstufe"]
[Date "2024.04.15"]
[Round "28-3"]
[White "Chess Challenger"]
[Black "Academy"]
[Result "0-1"]
[WhiteElo "2019"]
[BlackElo "1989"]
[PlyCount "115"]

1.d4 d5 2.c4 dxc4 3.Nf3 Nf6 4.e3 e6 5.Bxc4 c5 6.O-O a6 7.Qe2 b5 8.Bb3 Bb7 9.Rd1 
{Buchende.} 9...Nbd7 {Buchende.} 10.a4 Bd6 11.axb5 axb5 12.Rxa8 Qxa8 13.dxc5 
Bxc5 14.Na3 b4 15.Nc2 O-O 16.Bd2 Bxf3 17.gxf3 Rc8 18.e4 Bd6 19.Bg5 Qb8 20.h3 
Bh2+ 21.Kh1 Be5 22.Nd4 Nc5 23.Bc4 h6 24.Be3 Nh5 25.Bb5 Qb7 26.Rc1 Bxd4 27.Bxd4 
Nb3 28.Rxc8+ Qxc8 29.Be3 e5 {Das Spiel ist ausgeglichen. Der Saitek hat das
Läuferpaar, aber eine anfällige Bauernstruktur.} 30.Kg2 Nd4 31.Qc4 Qxc4 32.Bxc4 
g5 33.Bd2 Nf4+ 34.Bxf4 $6 {Die Waagschale neigt sich langsam zugunsten von
Academy.} ( 34.Kg3 ) 34...gxf4 35.Bd5 ( 35.Bf1 ) 35...Kg7 36.h4 Nc2 {Schwarz ist
auf der Siegerstraße.} 37.h5 Kf6 38.Kf1 Nd4 39.Ke1 Nxf3+ 40.Kd1 Nd4 41.Kd2 Ne6 
42.Kc2 Kg5 43.Kb3 Kxh5 44.Bxe6 fxe6 45.Kxb4 Kg5 46.Kc4 h5 47.Kd3 f3 {Verdirbt
nichts, aber warum nicht einfach:} ( 47...h4 48.Ke2 Kg4 49.b4 h3 50.Kf1 Kf3 
51.Kg1 Kxe4 52.Kh2 Kd5 53.b5 e4 54.b6 Kc6 55.b7 Kxb7 56.Kxh3 Kb6 57.Kg4 e5 
58.Kh3 Kc5 59.Kg2 Kd4 60.Kf1 Kd3 61.Ke1 f3 {... Weil es gar nicht so einfach
ist!} ) 48.b4 h4 49.b5 h3 50.b6 h2 51.b7 h1=Q 52.b8=Q Qd1+ 53.Kc3 Qd4+ 54.Kb3 
Kf4 55.Qf8+ Kxe4 56.Qb4 $4 {(-1.1) Meine Güte - schrecklich, aber geht's
schnell!} 56...Qxb4+ {(+8.83)} 57.Kxb4 {(-9.4)} 57...Kd4 58.Kb5 {(-9.9) =
Aufgabe.} 0-1

[Event "Treppenturnier 2023"]
[Site "Turnierstufe"]
[Date "2024.04.17"]
[Round "28-4"]
[White "Academy"]
[Black "Chess Challenger"]
[Result "0-1"]
[WhiteElo "2000"]
[BlackElo "2008"]
[PlyCount "112"]

1.d4 Nf6 2.c4 e6 3.Nc3 Bb4 4.Qc2 c5 5.dxc5 O-O {Buchende.} 6.a3 Bxc5 7.Nf3 Nc6 
8.b4 {Buchende.} 8...Bb6 9.c5 Bc7 10.Bb2 b6 11.Nb5 bxc5 12.Nxc7 Qxc7 13.Bxf6 
gxf6 14.Qxc5 d5 15.e3 Bb7 16.Be2 Rfc8 17.O-O Ne5 18.Qd4 a5 19.b5 {Und schon hat
Academy einen (in Kürze gedeckten) Freibauern.} 19...Rab8 20.a4 $14 Nxf3+ 
21.Bxf3 f5 22.Rfd1 Ba8 23.Rab1 Qc4 24.Qa1 Qh4 25.Rd4 Qe7 26.Rd3 Qh4 27.g3 Qd8 
28.Qe5 Rc4 29.Rd4 Rc2 30.g4 {(+1.24)} 30...Qc7 31.Qxc7 Rxc7 32.gxf5 e5 33.Rdd1 
e4 34.Be2 Rc2 35.Bg4 Kg7 36.Kg2 Kf6 37.Rdc1 Rd2 {(+0.7)} 38.Rc7 {(+1.26) Die
Beiden bewerten die Stellung unterschiedlich.} 38...d4 39.Kg3 Rg8 $10 40.Kh3 
dxe3 41.fxe3 h5 42.Bxh5 Rh8 43.Rxf7+ Ke5 44.Kg4 $2 {Übersieht eine Kombination.} 
( 44.Re7+ Kf6 45.Rf7+ Ke5 {und Remis.} ) 44...Rg2+ {(0.0) Auch der Saitek sieht
es (noch) nicht.} 45.Kh4 Rxh2+ {(-1.0) Dürfte auch gewinnen.} ( {Stärker ist,
zunächst} 45...Bd5 $1 {zu spielen.} 46.Re7+ Kf6 47.Re8 ( 47.Rd7 Rxh2+ 48.Kg4 
Be6 49.Kg3 ( 49.Kf4 Bxd7 {...} ) 49...R2xh5 50.fxe6 Rg8+ 51.Kf2 Rh2+ 52.Kf1 
Rh1+ {...} ) 47...Rxh2+ 48.Kg4 R8xh5 49.Rf8+ Bf7 50.Rxf7+ Kxf7 {...} ) 46.Kg4 
Bd5 47.Re7+ {(-0.07) sieht keine Gefahr.} 47...Kf6 {(-1.4)} 48.Ra7 {Academy geht
auf Bauernjagd, während es auf der anderen Brettseite brennt.} 48...R2xh5 
49.Ra6+ {Zieht die Notbremse.} ( 49.Rxa5 $4 Rg5+ 50.Kf4 Rh4# ) 49...Ke5 
{(-2.3)} 50.Ra7 $2 {Nun dürfte es schnell gehen.} 50...Rxf5 {(-3.5)} 51.Rb2 
{Mephisto gibt auf.} 51...Rg8+ 52.Kh4 Rf1 53.Re7+ Be6 {Mattankündigung.} 
54.Rxe6+ Kxe6 55.Rh2 Rf7 56.Rb2 Rh7# 0-1

[Event "Treppenturnier 2023"]
[Site "Turnierstufe"]
[Date "2024.04.19"]
[Round "29-1"]
[White "Chess Challenger"]
[Black "Super Forte C6 sel. 4"]
[Result "0-1"]
[WhiteElo "2018"]
[BlackElo "2008"]
[PlyCount "118"]

1.Nf3 Nf6 2.d4 d5 3.c4 dxc4 4.e3 {Buchende.} 4...Bg4 5.Bxc4 e6 6.Qb3 Bxf3 
7.gxf3 Nbd7 8.Qxb7 c5 {Buchende.} 9.Nd2 cxd4 10.exd4 a5 11.Rg1 Rb8 12.Qa6 Qc7 
13.Rg3 Bb4 14.Bb5 {Nun gerät Weiß in die Defensive.} ( 14.a3 ) 14...O-O 15.Be2 
Rfc8 $17 {Schwarz hat bereits moderaten Vorteil.} 16.Qd3 Bd6 ( 16...Nd5 {.} ) 
17.Rg2 Bxh2 18.Nc4 Bf4 19.Be3 Nd5 20.Qd2 N7f6 21.Rc1 Rb7 22.Bd3 a4 23.Be4 Rb4 
24.Bd3 Rbb8 25.Be4 Rb7 26.Rc2 Qb8 {SFC hat momentan keine zündende Idee.} ( 
26...Bxe3 {kann man gut spielen mit vorteilhafter Tauschaktion, z.B.} 27.Nxe3 
Qb8 28.Nxd5 exd5 {...} ) 27.Bxf4 $10 Nxe4 28.fxe4 Nxf4 29.Rg4 ( 29.Rg3 {.} ) 
29...Rb4 30.Rxf4 Rcxc4 31.Rxc4 Rxc4 32.a3 Qc7 33.Kd1 $17 {Und wieder ist der
Saitek schwer unter Druck.} 33...Qb6 34.Ke1 Rxd4 35.Qc3 h6 36.f3 f5 37.Rh4 Rd8 
38.exf5 Qg1+ 39.Ke2 Qg2+ 40.Ke3 exf5 {(+1.92) Zeitkontrolle überstanden, es ist
schwer für Weiß zu überleben. Ginge es nach der Analyse-Engine, müsste der
Saitek längst aufgeben.} 41.Rh5 {(-1.2)} 41...f4+ {Typisch SFC.} 42.Ke4 ( 
42.Kxf4 {und dann} 42...Rf8+ 43.Ke5 Qe2+ 44.Kd4 Rd8+ 45.Kc5 Qe7+ 46.Kb5 Qe8+ 
47.Qc6 Rb8+ 48.Kc5 Qxh5+ {... Hiarcs 15.3.1 rechnet in dieser Stellung auf
meinem Mac ca. 2 Millionen Knoten/Sekunde. Dafür braucht der SFC6 rund 18
Minuten.} ) 42...Rf8 43.Kd4 Qf2+ 44.Kd5 Qa7 45.Qc4 Kh8 46.Qc5 Qb7+ 47.Ke5 Qxb2+ 
48.Kd5 Re8 49.Kc4 Qb3+ 50.Kd4 Qxf3 51.Kc4 Qb3+ 52.Kd4 Qd1+ {(+6.63)} 53.Kc3 
Qc1+ 54.Kd4 Qd2+ 55.Kc4 Qc2+ 56.Kd4 Rd8+ 57.Rd5 Qxc5+ 58.Kxc5 Rxd5+ 59.Kxd5 f3 
{und Ende.} ( 59...f3 60.Kc4 {#10} 60...f2 61.Kb5 g5 62.Kc4 g4 63.Kd3 f1=Q+ 
64.Kc2 Qf5+ 65.Kc3 g3 66.Kc4 g2 67.Kb4 g1=Q 68.Kc3 Qfb1 69.Kc4 Qb3# ) 0-1

[Event "Treppenturnier 2023"]
[Site "Turnierstufe"]
[Date "2024.04.20"]
[Round "29-2"]
[White "Super Forte C6 sel. 4"]
[Black "Chess Challenger"]
[Result "1/2-1/2"]
[WhiteElo "2018"]
[BlackElo "2008"]
[PlyCount "160"]

1.d4 d5 2.Nf3 Nf6 {Buchende.} 3.e3 c5 4.c3 {Buchende.} 4...e6 5.c4 cxd4 6.exd4 
Bb4+ 7.Bd2 Bxd2+ 8.Nbxd2 Nc6 9.cxd5 Qxd5 10.Bc4 Qd6 11.Bb5 O-O 12.Bxc6 bxc6 
13.Qa4 Rb8 14.Nc4 Qb4+ 15.Qxb4 Rxb4 16.b3 Nd5 17.Rc1 Nf4 18.Nce5 Nxg2+ 19.Kd2 
Bb7 20.Nxc6 Rb6 21.Nfe5 Re8 22.Na5 Bd5 23.Rc7 Ra6 24.b4 f6 25.Nec6 Bxc6 26.Rxc6 
Rb6 $10 {Bisher hat sich keine Seite einen Vorteil erarbeiten können. Es riecht
nach Unentschieden. Zwar sind SFC's Bauern zersplittert aufgestellt, aber dafür
ist sein König näher am zentralen Geschehen.} 27.a3 Rd8 {(-0.1)} 28.Rxb6 
{(+00.11)} 28...axb6 29.Nc6 Ra8 30.Ra1 b5 31.Kd3 Nf4+ 32.Ke4 Nd5 33.Na5 Kf7 
34.Rc1 Ke8 35.Kd3 Kd7 36.Rc5 Nc7 37.Ke4 g5 38.h4 h6 39.hxg5 hxg5 40.f4 $6 
{Jetzt wird's am Königsflügel gefährlich für Weiß.} 40...f5+ 41.Ke5 gxf4 $2 $10 
{Vergibt die Chance.} ( 41...g4 $1 {und dann z.B.} 42.Rc2 ( 42.Rc3 Rg8 43.Rg3 
Rh8 44.Rg1 Rh2 45.Re1 g3 {...} ) 42...Nd5 43.Nb7 Ne3 44.Re2 Rxa3 45.d5 Nxd5 
46.Nc5+ Ke7 47.Nxe6 Re3+ 48.Rxe3 Nxe3 {...} ) 42.Kxf4 Rh8 43.Kg3 Rf8 44.Kf3 Rg8 
45.Nc6 Ra8 46.Ne5+ Kc8 47.Kf4 Rxa3 48.d5 exd5 49.Kxf5 Ra1 50.Nc6 Rf1+ 51.Ke5 
Re1+ 52.Kf5 ( 52.Kd6 $4 Re6# ) ( 52.Kf4 $4 Ne6+ 53.Kg3 Nxc5 {...} ) 52...Rh1 
53.Ne7+ Kb7 54.Nxd5 Rh5+ 55.Ke4 Nxd5 56.Rxd5 Rh4+ 57.Ke5 Rxb4 58.Rd7+ $4 
{Sollte verlieren. Errechnen kann SFC6 das nicht, das muss er wissen.} ( {Nur
zwei Züge halten das Remis:} 58.Rd6 $1 {und} ) ( 58.Rd4 $1 ) 58...Kc6 59.Rd6+ 
Kc7 $4 {Auch der Challenger hat keinen blassen Schimmer.} ( 59...Kc5 $1 60.Rd5+ 
{und dann z.B.} 60...Kb6 $1 61.Rd6+ Ka5 {...} ) 60.Rd3 $2 ( 60.Rf6 ) 60...Rb1 
$2 {Zeitkontrolle und keine Fragezeichen mehr.} ( 60...Rh4 61.Rd4 Rh5+ 62.Ke4 
Kb6 {...} ) 61.Kd4 Kd6 62.Kc3+ Kc5 63.Rd8 b4+ 64.Kc2 Ra1 65.Kb3 Ra3+ 66.Kb2 Re3 
67.Rb8 Kc4 68.Rc8+ Kb5 69.Rb8+ Ka5 70.Ra8+ Kb6 71.Rb8+ Kc5 72.Rc8+ Kd4 73.Rd8+ 
Kc5 74.Rb8 Rc3 75.Rc8+ Kd4 76.Rb8 Kc4 77.Rc8+ Kd3 78.Rb8 Kc4 79.Rc8+ Kd3 80.Rb8 
Kc4 {Remis 3x} 1/2-1/2

[Event "Treppenturnier 2023"]
[Site "Turnierstufe"]
[Date "2024.04.22"]
[Round "29-3"]
[White "Chess Challenger"]
[Black "Super Forte C6 sel. 4"]
[Result "1/2-1/2"]
[WhiteElo "2008"]
[BlackElo "2018"]
[PlyCount "138"]

1.e4 c5 2.Nf3 d6 3.c3 Nf6 {Buchende.} 4.Bc4 {Buchende.} 4...Nxe4 5.Qa4+ Nc6 
6.Bxf7+ Kxf7 7.Qxe4 e5 8.d4 cxd4 9.cxd4 Nxd4 10.Nxd4 exd4 11.Qxd4 Be6 12.O-O 
Be7 13.Rd1 d5 14.Nc3 Bf6 15.Qd3 Bxc3 16.bxc3 Kg8 $2 {SFC klemmt sich ohne Not
den Turm ein.} ( {Ein kleineres Übel ist z.B.} 16...Qf6 17.Be3 Qf5 {...} ) 
17.Ba3 Qc7 18.Re1 Qd7 19.c4 dxc4 20.Qxd7 Bxd7 21.Re7 Bc6 22.Bb2 {Nun wird's eng
für SFC. Es zeigt sich die Macht des Turms auf der 7.(2.) Reihe. Schwarz kann
seine Türme nicht verbinden.} 22...h6 23.Rxg7+ Kf8 24.Rc7 Rg8 25.Ba3+ Ke8 26.g3 
Kd8 27.Rh7 Re8 28.Rd1+ Kc8 29.f4 $1 {Na klar.} 29...Be4 30.Rxh6 $6 {Löst die
Umklammerung.} ( 30.Re1 $1 b5 31.f5 {...} ) 30...Bf3 $6 {Nutzt seine Chance
nicht.} ( 30...b6 {.} ) 31.Rdd6 Bg4 32.Rh7 b5 33.Bc5 c3 34.Rc6+ $1 {(+2.1)
Natürlich.} 34...Kd8 {(-2.25)} ( 34...Kb8 $4 35.Bd6# ) 35.Bb4 Re1+ 36.Kf2 Re2+ 
37.Kf1 Rxa2 38.Rh8+ Kd7 {(-5.45)} 39.Rd6+ {(+4.1)} 39...Kc7 40.Rh7+ Kc8 41.Rf6 
{Ist ok, sieht gut aus, aber viel stärker ist:} ( 41.Bxc3 Bf5 42.Rg7 Rc2 ( 
42...Bh3+ 43.Ke1 Ra3 44.Rc6+ Kd8 45.Bf6+ Ke8 46.Rcc7 Kf8 47.Rcf7+ {...} ) ( 
42...Rb8 43.Rc6+ Kd8 44.Rh6 Bd7 45.Be5 Rxh2 46.Rxh2 {...} ) 43.Rc6+ Kd8 44.Ba5+ 
Ke8 45.Rxc2 Bxc2 {...} ) 41...Ra1+ {Schwarz kann nun vielleicht noch mogeln.} 
42.Kg2 Ra2+ 43.Kg1 Ra1+ 44.Kf2 Ra2+ 45.Ke3 Re2+ 46.Kd3 Rd2+ 47.Kxc3 Rd7 48.Rf8+ 
Kb7 49.Rxd7+ Bxd7 50.Rxa8 Kxa8 51.Ba5 Bh3 52.Kb4 $2 ( {So geht's:} 52.Kd4 Kb7 
53.Ke5 Kc6 54.f5 a6 55.Bb4 Bg4 56.h4 Bh5 57.Kf4 Bf7 58.g4 Kd5 59.g5 Bh5 60.g6 
Kc4 61.Kg5 {...} ) 52...a6 53.Bb6 $4 ( 53.Kc5 Kb7 54.Kd6 Bg4 55.Ke5 Kc6 56.f5 
{...} ) 53...Kb7 {Mogelt Schwarz sich tatsächlich noch da raus?} 54.Bc5 $4 ( 
54.Kc5 $1 ) 54...Kc6 55.Bd4 Kd5 {SFC schafft tatsächlich das Remis.} 56.Bb6 Ke4 
57.Bc5 Kf3 58.Be7 Kg2 59.Bd6 Bc8 60.h4 Kxg3 {Rest in je ! Stunde. Noch
abwarten.} 61.h5 Bf5 62.h6 Kg4 63.Ka5 Bd3 64.Kxa6 b4+ 65.Ka5 b3 66.Be5 Bc2 
67.Kb4 Kh5 68.Bg7 Kg4 69.f5 Bxf5 {Genug ist genug - Remis.} 1/2-1/2

[Event "Treppenturnier 2023"]
[Site "Turnierstufe"]
[Date "2024.04.24"]
[Round "29-4"]
[White "Super Forte C6 sel. 4"]
[Black "Chess Challenger"]
[Result "0-1"]
[WhiteElo "2018"]
[BlackElo "2008"]
[PlyCount "56"]

1.d4 e6 2.c4 Nf6 3.Nf3 d5 4.Nc3 Be7 5.Bf4 {Buchende.} 5...O-O {Buchende.} 
6.cxd5 Nxd5 7.Bg3 c5 8.e4 cxd4 9.Nxd5 $2 {Weiß kommt sofort in Nachteil.} ( 
{Einfach} 9.Qxd4 {und alles ist im Lot.} ) 9...exd5 10.Qxd4 Qa5+ 11.Nd2 Be6 
12.exd5 Bxd5 13.Bc7 b6 14.Qe3 {SFC hat sich schlecht entwickelt und kann nur
noch reagieren. An eine Rochade ist nicht mehr zu denken, die Dame ist eine
Gejagte. Ginge es nach Hiarcs, könnte der Novag schon aufgeben.} 14...Nc6 {SFC
kommt ins Grübeln. Er denkt mehr als 15 Minuten nach und spielt:} 15.Kd1 
{(-01.00)} 15...Rac8 {(-0.9)} 16.Bg3 Bf6 17.Nc4 Bxc4 18.Bxc4 Rfd8+ {(-3.8)} 
19.Kc1 {(-4.27)} 19...Nb8 {Für Hiarcs 15.3.1 führt bereits jeder weiße Zug zum
Matt - spätestens in 11 Zügen.} 20.a3 Qb5 {(-7.8) Er tastet sich an das Matt
heran.} 21.Qe2 {SFC gibt auf.} 21...Rxc4+ 22.Kb1 Rc1+ 23.Rxc1 Qxe2 24.Be5 Bxe5 
{Mattankündigung.} 25.Ra2 Rd1 26.b4 Qd3+ 27.Rc2 Qb3+ 28.Rb2 Qxb2# 0-1

[Event "Treppenturnier 2023"]
[Site "Turnierstufe"]
[Date "2024.04.24"]
[Round "29-5"]
[White "Chess Challenger"]
[Black "Super Forte C6 sel. 4"]
[Result "1-0"]
[WhiteElo "2018"]
[BlackElo "2008"]
[PlyCount "90"]

1.e4 c5 2.Nf3 d6 3.d4 cxd4 4.Nxd4 Nf6 5.Nc3 {Buchende.} 5...a6 6.Be2 e5 7.Nb3 
Be7 {Buchende.} 8.Bg5 Nc6 9.Qd2 h6 10.Bh4 Nxe4 $6 {Gibt die Rochade auf.} 
11.Nxe4 Bxh4 12.Nxd6+ Kf8 ( {Besser:} 12...Ke7 ) 13.Rd1 Bg5 14.Qc3 Qb6 15.O-O 
{Wie in Partie 29-3 hat Chess Challenger die wesentlich bessere Stellung und SFC
einen eingesperrten Turm.} 15...Qb4 16.Qxb4 Nxb4 17.c3 Nc6 18.Nc5 Rg8 19.Nxc8 
Rxc8 20.Nxb7 Rc7 21.Nd6 a5 22.Nc4 e4 23.f3 exf3 24.Bxf3 Nb4 25.cxb4 Rxc4 
26.bxa5 Ra4 27.Bd5 Rxa5 28.Rxf7+ {Es geht dem Ende zu.} 28...Ke8 29.Rb7 $1 Rxd5 
30.Rxd5 Bf6 31.Ra5 Bd8 32.Ra8 Rf8 33.Rxg7 h5 34.a4 h4 35.Rh7 Rg8 36.b4 h3 37.g3 
Rg4 38.Rh8+ Ke7 39.Rhxd8 Rxb4 40.Rd2 Rb1+ 41.Kf2 Ke6 42.a5 Rh1 43.Ke3 Re1+ 
44.Kf4 Ra1 45.Kg4 Ra4+ {SFC6 gibt auf.} 1-0

[Event "Treppenturnier 2023"]
[Site "Turnierstufe"]
[Date "2024.04.25"]
[Round "30-1"]
[White "Chess Challenger"]
[Black "Reflection II max Sphinx 40 sel. 9"]
[Result "1/2-1/2"]
[WhiteElo "2028"]
[BlackElo "2025"]
[PlyCount "115"]

1.c4 e5 2.Nc3 Nf6 3.Nf3 Nc6 4.g3 {Buchende.} 4...Bc5 5.Bg2 e4 6.Nh4 Qe7 
{Buchende.} 7.Nf5 Qe5 8.Ne3 Nb4 $6 9.a3 Nc6 10.Ned5 Nxd5 11.cxd5 Ne7 12.Nxe4 
{und ein Bauer ist futsch.} 12...Bb6 ( 12...Qh5 ) 13.f4 Qh5 14.d6 Nc6 15.dxc7 
Bxc7 16.Nc3 O-O 17.Nd5 Ba5 18.O-O d6 19.b4 Bd8 20.Bb2 Bh3 21.Bf3 Qg6 22.Re1 a6 
23.e4 Qe6 24.f5 {Ein Bauer ist bereits weg und nun wird die Sphinx
zurückgedrängt.} 24...Qh6 25.Nf4 Bg5 26.Nxh3 Qxh3 27.d4 {(+1.6)} 27...Qh6 
{(-12)} 28.Qd3 Rfe8 29.Bg2 Rac8 30.Rad1 b5 31.Re2 Red8 32.Rde1 Ne7 33.Ba1 ( 
33.h4 {ist eine Option.} ) 33...Rc4 34.Rf2 {Der Saitek weiß nicht so recht, wie
er weiterkommen soll...} 34...Nc6 35.d5 Ne5 36.Bxe5 dxe5 37.Rc2 {... und Schwarz
bekommt auf der offenen c-Linie und der Diagonale c1-h6 Gegenspiel.} 37...Rdc8 
38.Rxc4 bxc4 39.Qc2 Be3+ 40.Kh1 Ba7 41.Rf1 {(+1.1)} 41...Qd6 {(00)} 42.f6 gxf6 
43.Rc1 c3 44.Qe2 Rc7 45.Bh3 a5 {Die Sphinx hat trotz des Minusbauern alles im
Griff.} 46.Bf5 $6 {Chess Challenger sollte den Freibauern c3 nicht
unterschätzen.} 46...axb4 47.axb4 Qxb4 {Hat keine Angst vor der möglichen
Attacke am Königsflügel,...} 48.Qg4+ {... denn sie dringt nicht durch.} 
48...Kf8 49.Qh4 $2 {Die Musik spielt auf der anderen Seite des Brettes.} 
49...Qa3 {Der zweitbeste Zug, nachhaltiger ist zunächst:} ( 49...Ke7 $1 ) 
50.Qh6+ Ke8 ( {Besser} 50...Ke7 ) 51.Kg2 c2 52.Qxf6 {Jetzt wird's wohl ein
Remis.} 52...Qxc1 53.Qh8+ Ke7 54.Qxe5+ Kf8 55.Qh8+ Ke7 56.Qe5+ Kf8 57.Qh8+ Ke7 
58.Qe5+ {Beide reklamieren Remis 3x.} 1/2-1/2

[Event "Treppenturnier 2023"]
[Site "Turnierstufe"]
[Date "2024.04.27"]
[Round "30-2"]
[White "Reflection II max Sphinx 40 sel. 9"]
[Black "Chess Challenger"]
[Result "0-1"]
[WhiteElo "2025"]
[BlackElo "2028"]
[PlyCount "148"]

1.e4 e5 2.Nf3 Nf6 3.d4 Nxe4 4.Bd3 d5 5.Nxe5 Bd6 6.O-O O-O {Buchende.} 7.c4 c6 
8.Qc2 {Buchende.} 8...f5 9.f3 Nc5 10.Bf4 Nxd3 11.Qxd3 Re8 12.cxd5 cxd5 13.Nc3 
g5 $6 {Challenger macht sich locker.} 14.Bg3 f4 15.Bf2 Na6 16.Qb5 {(+15)} 
16...Bxe5 {Challenger ist anderer Meinung: (-1.0)} 17.dxe5 Rxe5 {Wie in der
Partie zuvor hat Challenger einen Mehrbauern.} 18.Bd4 Nc7 19.Qb3 Re6 20.Rac1 b6 
21.Rfd1 Ba6 22.Bf2 {Kampf um den Isolani.} 22...Bc4 23.Qc2 Rc8 24.b3 Ba6 25.Qf5 
Rc6 26.a4 h6 27.b4 Rf6 28.Qc2 {Beide lavieren herum. Es passiert nichts
Dramatisches.} 28...Rd6 29.b5 Bb7 30.Bd4 Re6 31.Qd3 Qe7 32.Qd2 Re8 33.Qa2 Qf7 
34.Qb2 Ba8 35.Qa1 R8e7 36.a5 Qe8 37.axb6 axb6 38.Rf1 Bb7 39.Qb2 Qf7 40.Ra1 Ne8 
41.Qf2 Qg6 42.Rfe1 Nd6 {Der Saitek bringt seinen Springer stärker ins Spiel und
die Sphinx kommt in die Defensive.} 43.Red1 Nf5 44.Qd2 Qe8 {Wuchtig.} 45.Bf2 $6 
{Das Spiel kippt zugunsten des Saitek.} ( {Besser ist:} 45.Ra7 ) 45...d4 $1 
{Der Isolani wird zum Sargnagel, ...} 46.Qd3 Ne3 47.Qxd4 {... den Weiß schnell
entfernen muss ...} 47...Nc2 48.Qc4 Nxa1 {... allerdings auf Kosten der
Qualität.} 49.Rxa1 Qf7 50.Qd3 Rd7 51.Qb1 $6 Qf6 ( {Hiarcs schlägt} 51...g4 $1 
{vor.} ) 52.Qa2 Kg7 53.Qc2 Red6 {(-2.2)} 54.Be1 {(-10)} 54...Rd3 ( {Erneut} 
54...g4 $1 {und dann z.B.} 55.fxg4 f3 56.g3 Rd3 57.Rc1 f2+ 58.Qxf2 Rf3 59.Qe2 
Re7 60.Qc4 Rf7 61.Ne4 Rf1+ 62.Kg2 Qf3+ 63.Kh3 Bxe4 {... Welcher Oldie könnte das
errechnen?} ) 55.Rc1 Qd4+ 56.Kf1 Rc7 57.Qe2 Re3 58.Qb2 Qe5 59.Bd2 Rf7 60.Qc2 $2 
( {Warum nicht} 60.Bxe3 fxe3 61.Na4 Qxb2 ( 61...e2+ 62.Ke1 Qxb2 63.Nxb2 {...} ) 
62.Nxb2 g4 63.Ke2 gxf3+ 64.gxf3 Bxf3+ 65.Kxe3 {... und Weiß hätte ein Remis.} ) 
60...g4 $1 61.fxg4 $2 {Rest mit 1 Minute/Zug.} 61...f3 $1 {Das war's.} 62.g3 
Re2 63.Re1 Qc5 64.Bxh6+ Kh8 65.Rxe2 {(-99)} 65...fxe2+ {(-3.6)} 66.Kxe2 Qf2+ 
67.Kd1 Qf1+ 68.Kd2 Rf2+ 69.Ne2 Qxe2+ {Mattankündigung.} 70.Kc3 {Sieht das Matt
auch.} 70...Qxc2+ 71.Kd4 Qe4+ 72.Kc3 Rc2+ 73.Kb3 Qd3+ 74.Kb4 Rc4# 0-1

[Event "Treppenturnier 2023"]
[Site "Turnierstufe"]
[Date "2024.04.29"]
[Round "30-3"]
[White "Chess Challenger"]
[Black "Reflection II max Sphinx 40 sel. 9"]
[Result "0-1"]
[WhiteElo "2038"]
[BlackElo "2015"]
[PlyCount "56"]

1.c4 e5 2.Nc3 Nf6 3.g3 {Buchende.} 3...c6 4.Bg2 d5 5.cxd5 cxd5 6.Qb3 Nc6 7.Nxd5 
Nd4 8.Qc4 $2 ( 8.Nxf6+ $1 ) 8...Nxd5 9.Bxd5 b5 {Buchende? Bis hierher antwortet
die Sphinx sofort.} 10.Qxd4 ( {Das kleinere Übel:} 10.Bxf7+ Ke7 11.Qd5 Nc2+ 
12.Kd1 Nxa1 13.d4 Qxd5 14.Bxd5 Rb8 {...} ) 10...exd4 11.Bxa8 {Insgesamt keine
gute Aktion von Weiß.} 11...d3 $1 12.Bc6+ ( 12.exd3 $2 Qxd3 13.f3 {Was sonst?} 
13...f5 14.Nh3 Bc5 15.Nf4 Qd4 {... und Weiß kann aufgeben.} ) 12...Bd7 13.Be4 
Qe7 14.Bxd3 Bc6 15.f3 h5 16.Nh3 h4 17.Nf2 Bxf3 18.Bxb5+ Kd8 19.Rf1 hxg3 20.hxg3 
{Laut Analyse-Engine kann Weiß längst aufgeben, sie zeigt mehr als plus 6
Bauerneinheiten für die Sphinx an.} 20...Qe5 {(+06)} 21.Bc4 {(-0.7)} 21...Bg2 
22.Rg1 Qxg3 23.Bd5 {(-1.8)} 23...Qh2 $4 {Unglaublich und unverständlch, verliert
sofort! Der Fehler ist reproduzierbar.} ( {Einfach:} 23...Rh1 24.Rxh1 Bxh1 
25.Kd1 Bxd5 {...} ) 24.Rxg2 ( {Die Sphinx erwartet} 24.Rf1 $4 ) 24...Qh1+ $4 ( 
24...Qd6 {und Schwarz kann noch weiterspielen.} ) 25.Nxh1 Rxh1+ 26.Kf2 f6 27.b3 
Rh5 28.Bf3 Bc5+ {(-9.9) Ende.} 0-1

[Event "Treppenturnier 2023"]
[Site "Turnierstufe"]
[Date "2024.04.30"]
[Round "30-4"]
[White "Reflection II max Sphinx 40 sel. 9"]
[Black "Chess Challenger"]
[Result "1/2-1/2"]
[WhiteElo "2006"]
[BlackElo "2047"]
[PlyCount "37"]

1.e4 e6 2.d4 d5 3.Nd2 Nf6 4.e5 Nfd7 5.Bd3 c5 6.c3 Nc6 7.Ne2 cxd4 8.cxd4 Qb6 
9.Nf3 f6 10.exf6 Nxf6 {Buchende.} 11.O-O Bd6 12.Nc3 O-O 13.Be3 {Buchende.} 
13...Qxb2 14.Na4 Qb4 15.Bd2 Qa3 16.Bc1 Qb4 17.Bd2 Qa3 18.Bc1 Qb4 19.Bd2 {Remis
3x.} 1/2-1/2